サーモンランオオモノシャケクイズ - Statistics

General Stats
  • This quiz has been taken 182 times
  • The average score is 9 of 11
Answer Stats
答え 体力 % Correct
タワー 60×7
94%
モグラ 1200
90%
テッキュウ 1200
89%
テッパン 本体500装甲600
88%
カタパッド 360
86%
バクダン 本体500弱点300
85%
ヘビ 500
82%
ハシラ 32×8
77%
ダイバー 1200
74%
コウモリ 900
72%
ナベブタ 500
56%
No matching quizzes found
Score Distribution
Percent of People with Each Score
Percentile by Number Answered
Your Score History
You have not taken this quiz